The chemical reactor omnibook /
Guardado en:
| Autor Principal: | |
|---|---|
| Formato: | Libro |
| Idioma: | English |
| Publicado: |
Corvallis, OR :
Distributed by OSU Book Stores,
c1979.
|
| Materias: | |
| Etiquetas: |
Agregar Etiqueta
Sin Etiquetas, Sea el primero en etiquetar este registro!
|
| LEADER | 00753cam a22002175a 4500 | ||
|---|---|---|---|
| 001 | EIQ.libpla000667 | ||
| 008 | 791109s1979####orua#####b####000#0#eng#d | ||
| 005 | 20151006134635.0 | ||
| 245 | 1 | 4 | |a The chemical reactor omnibook / |c Octave Levenspiel. |
| 260 | |a Corvallis, OR : |b Distributed by OSU Book Stores, |c c1979. | ||
| 300 | |a ca. 600 p. en varias paginaciones : |b il. ; |c 28 cm. | ||
| 504 | |a Incluye referencias bibliográficas. | ||
| 020 | |a 0882460676 | ||
| 100 | 1 | |a Levenspiel, Octave. | |
| 650 | 4 | |a Química |x Reactores. | |
| 650 | 4 | |a Reactores químicos |x Ejercicios. | |
| 650 | 4 | |a Chemical |x Reactors. | |
| 650 | 4 | |a Chemical reactors |x Exercises. | |
| 010 | |a 79088693 | ||
| 040 | |a DLC |c DLC |d AR-BbSID | ||
| 859 | |a AR-BbSID |b BIB. PLAPIQUI |h 541.39 |i L 576 |p 456 | ||
